Statistics for Letter A Geography

Click here to take the quiz!

General Stats

  • This quiz has been taken 49 times
  • The average score is 11 of 15

Answer Stats

Hint Answer % Correct
What mountain range is the source of the amazon river?Andes
96%
Country located in pyrenees mountains Andorra
94%
This state boasts the largest canyon in the americasArizona
91%
Baku is the largest city in this countryAzerbaijan
89%
Capital of the state Georgia Atlanta
87%
City that had the largest library in the ancient worldAlexandria
83%
Other name for Persian seaArabian sea
79%
Capital of Kazakhstan Astana
77%
Capital of GhanaAccra
70%
The opal capital of AustraliaAdelaide
66%
The oldest mountain range in the AmericasAppalachian
64%
Inland sea that borders Kazakhstan Aral sea
60%
Mt. Vesuvius is this:____ ____Active volcano
51%
Continent that borders the Weddell sea Antartica
38%
Mountain range that runs through central italyApennines
36%

Score Distribution

Percentile by Number Answered

Percent of People with Each Score

Your Score History

You have not taken this quiz